00325 a2200121 4500001001000000005001700010008004100027245003000068100002000098700002000118773004800138999001700186ART_1753620260410161750.0260409a 10aThe new age of innovation1 aPrahalad, C. K.1 aKrishnan, M. S.0 tBook Summaryg- NÂș 12 (ene. 2009)wREV4099 c19592d19592